LIBRARY & INFORMATION CENTRE, KCAET, TAVANUR

ONLINE PUBLIC ACCESS CATALOGUE (OPAC)

Kavya pravesh / (Record no. 3650)

MARC details
000 -LEADER
fixed length control field 00447cam a2200193ua 4500
041 ## - LANGUAGE CODE
Language code of text/sound track or separate title hin
082 ## - DEWEY DECIMAL CLASSIFICATION NUMBER
Classification number 891.54
Item number KRI/KA
100 ## - MAIN ENTRY--AUTHOR NAME
Personal name Krishnan, P .
245 ## - TITLE STATEMENT
Title Kavya pravesh /
250 ## - EDITION STATEMENT
Edition statement 1 /
260 ## - PUBLICATION, DISTRIBUTION, ETC. (IMPRINT)
Place of publication Cannanore :
Name of publisher Krishnan P ,
Year of publication 1968.
300 ## - PHYSICAL DESCRIPTION
Number of Pages 72 ; .
942 ## - ADDED ENTRY ELEMENTS (KOHA)
Koha item type Books
Holdings
Withdrawn status Lost status Damaged status Home library Current library Date acquired Full call number Accession Number Koha item type
Withdrawn     KAUAET Sanskrit University 07/04/2012 891.54 12027 Books
Withdrawn     KAUAET Sanskrit University 07/04/2012 891.54 12028 Books
free website counter